Missing Word: Movie Words Ending in 'H' Quiz Stats

 Plays Quiz Updated Apr 10, 2016

Challenge
Share
Tweet
Embed
Score 0/30 Timer 04:00
0 Plays Today
Hint Missing Word % Correct
The Day the _____ Stood StillEarth
96.1%
_____ Cassidy and the Sundance KidButch
95.9%
_____ by NorthwestNorth
95.6%
_____ Ado About NothingMuch
95.6%
The Grapes of _____Wrath
95.1%
_____-22Catch
93.3%
Richie _____Rich
91.4%
The Ides of _____March
91.3%
The King's _____Speech
90.6%
The _____ PatientEnglish
90.6%
Turner & _____Hooch
90.5%
The _____ ConnectionFrench
90.3%
_____ Becomes HerDeath
89.2%
_____ FidelityHigh
88.8%
Star Wars: Episode III - Revenge of the _____Sith
86.3%
Hint Missing Word % Correct
_____ GordonFlash
85.3%
_____-Drunk LovePunch
84.5%
Star Trek III: The _____ for SpockSearch
83.6%
Mr. _____ Goes to WashingtonSmith
81.4%
The Awful _____Truth
79.6%
Keeping the _____Faith
74.6%
Tango & _____Cash
74%
Death _____Wish
65.9%
The Gold _____Rush
64.4%
_____ CarterCoach
59.8%
The _____ SealSeventh
51.1%
_____ PointMatch
41.6%
Naked _____Lunch
38.6%
_____ of EvilTouch
37.9%
End of _____Watch
31.8%

Today's Daily Dose

You're not logged in!

Compare scores with friends on all Sporcle quizzes.
OR
Log In

You Might Also Like...

Show Comments

Extras

Top Quizzes Today


Score Distribution

Your Account Isn't Verified!

In order to create a playlist on Sporcle, you need to verify the email address you used during registration. Go to your Sporcle Settings to finish the process.

Report this User

Report this user for behavior that violates our Community Guidelines.

Details: